| 000 | 00819nam a2200229 4500 | ||
|---|---|---|---|
| 010 | _aA-820983 | ||
| 020 | _a8170248019(Set) | ||
| 035 | _aA-820983 | ||
| 037 | _bCen Lib / Ret | ||
| 040 |
_aDPL _bEN |
||
| 082 |
_a363.9 _bMAR |
||
| 245 |
_aMarital disputes and counselling / _cedited by Mamta Sehgal [and] Nirmala Sherjung |
||
| 260 |
_aNew Delhi _bAPH Publishing Corporation _c1997 |
||
| 270 |
_a5, Ansari Road Darya Ganj _bNew Delhi _e110002 |
||
| 300 |
_a(v 1. 114 ; v 2. 121 ; v 3.138p) _b24cm(Hb) |
||
| 505 | _a3 v. ; v 1 Counselling methodology.--v. 2. Diagnostic techniques ; v. 3. Remedial measures | ||
| 650 | _aMarital conflicts -- India. | ||
| 650 | _aMarriage counseling -- India. | ||
| 700 | _aSehgal, Mamta | ||
| 700 | _aSherjung, Nirmala | ||
| 942 |
_2ddc _cEN _h363.9 _mMAR |
||
| 999 |
_c136488 _d136488 |
||